000 00496nam a2200193Ia 4500
008 131103s9999 xx 000 0 und d
040 _aLoreto College
041 _aEnglish
082 _a954/MAH
_bLCBED/10923
100 _aMaharajan, V. D.
245 _aHistory of india
_cMaharajan V. D.
260 _a[s.l.]
_b;s.n.]
_c[19?]
300 _a375p.
_c 21cm.
504 _aIncludes index
650 _aHistory - India
651 _aIndia - History
850 _aLCBED/954/MAH
942 _cBK
999 _c28959
_d79438